Distributions in statistics: discrete distributions
Պահպանված է:
| Հիմնական հեղինակներ: | , |
|---|---|
| Ձևաչափ: | Գիրք |
| Լեզու: | անգլերեն |
| Հրապարակվել է: |
Nueva York
John Wiley and Sons
1969
|
| Շարք: | Wiley Series in porbability and Mathematical Statistics
|
| Խորագրեր: | |
| Ցուցիչներ: |
Ավելացրեք ցուցիչ
Չկան պիտակներ, Եղեք առաջինը, ով նշում է այս գրառումը!
|
MARC
| LEADER | 00000nam a2200000 a 4500 | ||
|---|---|---|---|
| 001 | UCP2654 | ||
| 003 | CL-VaPUC | ||
| 008 | 990520e19690000US |||||||||||||||||eng|d | ||
| 082 | 0 | 4 | |a 519.532 |b JOH |2 21 |
| 100 | |a Johnson, Norman Lloyd |e author |9 429586 | ||
| 700 | |a Kotz, Samuel |e author |9 521326 | ||
| 245 | 1 | 0 | |a Distributions in statistics: discrete distributions |
| 300 | |a 328 p | ||
| 942 | |c BK | ||
| 945 | |d 19990520 00:00:00 |a crobeson | ||
| 260 | |a Nueva York |b John Wiley and Sons |c 1969 | ||
| 650 | 7 | |a DISTRIBUCION DISCRETA |2 CL-VaPUC |9 424889 | |
| 650 | 0 | |a Distribución binomial |9 429558 | |
| 650 | 0 | |a Distribución de Poisson |9 324810 | |
| 650 | 0 | |a Distribuciones Multivariables |9 346306 | |
| 583 | |a last modification |c 19990520 00:00:00 |k Rodrigo Vera | ||
| 490 | 0 | |a Wiley Series in porbability and Mathematical Statistics | |
| 999 | |c 281161 |d 281159 | ||
| 952 | |0 0 |1 0 |4 0 |6 519_532000000000000_JOH_1969 |7 0 |8 A |9 321830 |a BIBGIM |b BIBGIM |d 2019-11-20 |i 1345591 |o 519.532 JOH 1969 |p 1345591 |r 2025-01-15 |w 2019-11-20 |y BK |k EST | ||